Quick Pick: Colorful Bands Quiz Stats

 Plays Quiz Updated Apr 13, 2018

Challenge
Share
Tweet
Embed
Score 0/14 Timer 01:30
3 Plays Today
% Correct
Pink
95.6%
Black
94.4%
Maroon
92.7%
Green
91.7%
White
86.2%
Blue
85.9%
Purple
84.7%
% Correct
Chocolate
79.2%
Rose
71.7%
Crimson
71.2%
Indigo
67.8%
Tangerine
58.9%
Lemon
43.1%
Silver
39.5%

Today's Daily Dose

You're not logged in!

Compare scores with friends on all Sporcle quizzes.
OR
Log In

You Might Also Like...

Show Comments

Extras

Top Quizzes Today


Score Distribution

Your Account Isn't Verified!

In order to create a playlist on Sporcle, you need to verify the email address you used during registration. Go to your Sporcle Settings to finish the process.

Report this User

Report this user for behavior that violates our Community Guidelines.

Details: